[Event "O Pohár mìsta Øíèany 2015 - OPEN A"]
[Site "Øíèany"]
[Date "2015.08.26"]
[Round "6.38"]
[White "Sadil, Jan"]
[Black "Civin, Dominik"]
[Result "0-1"]
[WhiteElo "1734"]
[BlackElo "1793"]
[PlyCount "0"]
[EventDate "2015.08.22"]

1. d4 e6 2. Nf3 Nf6 3. c4 d5 4. Nc3 c6 5. cxd5 cxd5 6. Bf4 Bd6 7. Bxd6 Qxd6
8. e3 Bd7 9. Bd3 a6 10. O-O Nc6 11. a3 O-O 12. Na4 Na7 13. Nc5 Bc6 14. b4 Nd7
15. Qc2 h6 16. Rfb1 e5 17. Nxd7 Bxd7 18. Nxe5 Nb5 19. Qc5 Qe6 20. Nxd7 Qxd7
21. Bxb5 axb5 22. Qc3 Rfc8 23. Qb2 Rc4 24. Rc1 Rac8 25. Rxc4 Rxc4 26. Rc1 Qc6
27. Rxc4 Qxc4 28. f3 f5 29. Kf2 g5 30. Qb1 Qc3 31. Qxf5 Qd2+ 32. Kg3 Qe1+ 0-1

[Event "O Pohár mìsta Øíèany 2015 - OPEN A"]
[Site "Øíèany"]
[Date "2015.08.26"]
[Round "6.39"]
[White "Sedivy, Ondrej"]
[Black "Palla, Ivan"]
[Result "1/2-1/2"]
[WhiteElo "1791"]
[BlackElo "1556"]
[PlyCount "0"]
[EventDate "2015.08.22"]

1. c4 f5 2. d4 Nf6 3. Nc3 e6 4. Nf3 Be7 5. g3 O-O 6. Bg2 c6 7. d5 d6 8. dxe6
Bxe6 9. b3 h6 10. O-O Qc8 11. Re1 Ng4 12. Ba3 Rd8 13. e4 Bf6 14. Rc1 Na6 15. Nd4
Nc5 16. f4 h5 17. h3 Nh6 18. Nxe6 Qxe6 19. Qf3 Bd4+ 20. Kf1 Bxc3 21. exf5 Qf6
22. Rxc3 Nxf5 23. Bb2 Qg6 24. Kf2 Re8 25. Rcc1 Rxe1 26. Rxe1 Re8 27. Rxe8+ Qxe8
28. h4 Qg6 29. Bh3 Nxh4 30. gxh4 Nd3+ 31. Ke3 Nxb2 1/2-1/2

[Event "O Pohár mìsta Øíèany 2015 - OPEN A"]
[Site "Øíèany"]
[Date "2015.08.26"]
[Round "6.40"]
[White "Chajda, Patrik"]
[Black "Vorisek, Jakub"]
[Result "1-0"]
[WhiteElo "1647"]
[BlackElo "1692"]
[PlyCount "0"]
[EventDate "2015.08.22"]

1. e4 d5 2. exd5 Nf6 3. d4 Nxd5 4. Nf3 g6 5. c4 Nb6 6. Nc3 Bg7 7. c5 Nd5 8. Bc4
c6 9. O-O O-O 10. Qb3 e6 11. Ne4 b6 12. Bg5 Qd7 13. Ne5 Qc7 14. Bxd5 exd5
15. Nf6+ Kh8 16. Qg3 Qb7 17. Qh4 h5 18. g4 Nd7 19. Nexd7 Bxd7 20. gxh5 Bxf6
21. hxg6+ 1-0

[Event "O Pohár mìsta Øíèany 2015 - OPEN A"]
[Site "Øíèany"]
[Date "2015.08.26"]
[Round "6.41"]
[White "Pivonka, Michael"]
[Black "Novotny, Petr"]
[Result "1-0"]
[WhiteElo "1800"]
[BlackElo "1826"]
[PlyCount "0"]
[EventDate "2015.08.22"]

1. d4 Nf6 2. Nf3 d5 3. Bg5 e6 4. Nbd2 Be7 5. e3 Bd7 6. Bd3 O-O 7. O-O Nc6 8. a3
Ne8 9. Bxe7 Qxe7 10. c4 Nf6 11. Rc1 Rac8 12. Re1 Rfe8 13. Bb1 e5 14. dxe5 Nxe5
15. cxd5 Nxd5 16. Nxe5 Qxe5 17. Nf3 Qh5 18. Rc5 c6 19. e4 b6 20. Rc4 Nf6 21. e5
Nd5 22. Rh4 1-0

[Event "O Pohár mìsta Øíèany 2015 - OPEN A"]
[Site "Øíèany"]
[Date "2015.08.26"]
[Round "6.42"]
[White "Nemcova, Kamila"]
[Black "Skvaril, Michal"]
[Result "0-1"]
[WhiteElo "1731"]
[BlackElo "1785"]
[PlyCount "0"]
[EventDate "2015.08.22"]

1. e4 e5 2. Nf3 Nc6 3. Bc4 Nf6 4. Ng5 d5 5. exd5 Na5 6. Bb5+ c6 7. dxc6 bxc6
8. Bd3 Bd6 9. Nc3 O-O 10. O-O Nb7 11. Qf3 h6 12. Nge4 Nxe4 13. Qxe4 f5 14. Qxc6
Rb8 15. Qd5+ Kh8 16. Nb5 e4 17. Nxd6 Nxd6 18. Be2 f4 19. f3 Qf6 20. fxe4 Bb7
21. Qd3 Nxe4 22. c3 Rbe8 23. Bf3 Ba6 24. Qd5 Bxf1 25. Kxf1 Ng5 26. d4 Nxf3
27. Qxf3 Qh4 28. Bd2 Qxh2 29. Re1 Rxe1+ 30. Bxe1 Re8 31. Qh3 Qxh3 32. gxh3 Re3
33. h4 g5 34. hxg5 hxg5 35. Bd2 Rd3 36. Ke2 Rh3 37. c4 f3+ 38. Kf1 g4 39. Be1 g3
0-1

[Event "O Pohár mìsta Øíèany 2015 - OPEN A"]
[Site "Øíèany"]
[Date "2015.08.26"]
[Round "6.43"]
[White "Hlavacek, Ondrej"]
[Black "Macho, Miloslav"]
[Result "1/2-1/2"]
[WhiteElo "1668"]
[BlackElo "1922"]
[PlyCount "0"]
[EventDate "2015.08.22"]

1. d4 c5 2. d5 e5 3. c4 d6 4. Nc3 Ne7 5. e4 Ng6 6. Nf3 Be7 7. Be2 O-O 8. O-O
Na6 9. a3 Nc7 10. Rb1 f5 11. exf5 Bxf5 12. Bd3 Qd7 13. b4 Bg4 14. Be2 Bf5
15. Bd3 1/2-1/2

[Event "O Pohár mìsta Øíèany 2015 - OPEN A"]
[Site "Øíèany"]
[Date "2015.08.28"]
[Round "8.1"]
[White "Hollan, Petr"]
[Black "Plat, Vojtech"]
[Result "0-1"]
[WhiteElo "2070"]
[BlackElo "2458"]
[PlyCount "0"]
[EventDate "2015.08.22"]

1. e4 {[%clk 1:30:29]} 1... d6 {[%clk 1:30:54]} 2. d4 {[%clk 1:30:34]} 2... Nf6
{[%clk 1:31:16]} 3. Nc3 {[%clk 1:30:55]} 3... Nbd7 {[%clk 1:31:23]} 4. Nf3
{[%clk 1:30:38]} 4... e5 {[%clk 1:31:48]} 5. Bc4 {[%clk 1:30:50]} 5... Be7
{[%clk 1:32:13]} 6. O-O {[%clk 1:29:48]} 6... O-O {[%clk 1:32:37]} 7. Re1 {[%clk
1:27:48]} 7... c6 {[%clk 1:33:03]} 8. a4 {[%clk 1:28:04]} 8... a5 {[%clk
1:33:29]} 9. h3 {[%clk 1:27:18]} 9... exd4 {[%clk 1:31:38]} 10. Nxd4 {[%clk
1:27:37]} 10... Nc5 {[%clk 1:32:03]} 11. Bf4 {[%clk 1:27:52]} 11... Be6 {[%clk
1:29:40]} 12. Bf1 {[%clk 1:28:04]} 12... Qb6 {[%clk 1:24:53]} 13. Qf3 {[%clk
1:16:22]} 13... Rad8 {[%clk 1:23:08]} 14. Rad1 {[%clk 1:10:56]} 14... Nfd7
{[%clk 1:16:38]} 15. b3 {[%clk 0:33:00]} 15... Ne5 {[%clk 1:14:02]} 16. Qg3
{[%clk 0:32:11]} 16... Bf6 {[%clk 1:09:25]} 17. Bg5 {[%clk 0:31:39]} 17... Bxg5
{[%clk 1:09:16]} 18. Qxg5 {[%clk 0:31:55]} 18... Bxh3 {[%clk 1:06:36]} 19. gxh3
{[%clk 0:29:52]} 19... Ne6 {[%clk 1:07:01]} 20. Qe3 {[%clk 0:28:09]} 20... Nxd4
{[%clk 1:07:25]} 21. Bg2 {[%clk 0:27:46]} 21... c5 {[%clk 1:07:44]} 22. Nd5
{[%clk 0:27:16]} 22... Qa7 {[%clk 1:08:06]} 23. Rd2 {[%clk 0:25:15]} 23... Nec6
{[%clk 1:02:50]} 24. Rb1 {[%clk 0:18:11]} 24... b6 {[%clk 0:56:35]} 25. c3
{[%clk 0:17:46]} 25... Ne6 {[%clk 0:56:59]} 26. Rbd1 {[%clk 0:17:28]} 26... c4
{[%clk 0:52:54]} 27. bxc4 {[%clk 0:16:39]} 27... Nc5 {[%clk 0:53:20]} 28. Qg3
{[%clk 0:16:07]} 28... Ne5 {[%clk 0:47:39]} 29. Ne3 {[%clk 0:12:44]} 29... Ng6
{[%clk 0:42:40]} 30. Rxd6 {[%clk 0:12:38]} 30... Rxd6 {[%clk 0:43:06]} 31. Qxd6
{[%clk 0:12:17]} 31... Nxa4 {[%clk 0:43:26]} 32. Nd5 {[%clk 0:10:17]} 32... Qb8
{[%clk 0:41:10]} 33. Qc6 {[%clk 0:09:55]} 33... Nb2 {[%clk 0:40:57]} 34. Rb1
{[%clk 0:09:03]} 34... Ne5 {[%clk 0:41:23]} 35. Qxb6 {[%clk 0:08:03]}
35... Nexc4 {[%clk 0:41:24]} 36. Qd4 {[%clk 0:04:18]} 36... Re8 {[%clk 0:37:00]}
37. f4 {[%clk 0:02:32]} 37... a4 {[%clk 0:35:36]} 38. Bf1 {[%clk 0:02:15]}
38... Nd6 {[%clk 0:30:14]} 39. e5 {[%clk 0:01:46]} 39... Nf5 {[%clk 0:30:41]}
40. Qb4 {[%clk 0:01:07]} 40... Qa7+ {[%clk 0:25:58]} 41. Qb6 {[%clk 0:01:30]}
41... Qxb6+ {[%clk 0:26:10]} 42. Nxb6 {[%clk 0:01:51]} 42... a3 {[%clk 0:26:08]}
43. Ra1 {[%clk 0:02:15]} 43... g5 {[%clk 0:26:02]} 44. Rxa3 {[%clk 0:01:42]}
44... gxf4 {[%clk 0:26:07]} 45. Nd7 {[%clk 0:01:03]} 45... Kg7 {[%clk 0:25:54]}
46. Rb3 {[%clk 0:00:59]} 46... Nd1 {[%clk 0:25:36]} 47. Be2 {[%clk 0:00:34]}
47... Nde3 {[%clk 0:25:15]} 48. Kf2 {[%clk 0:00:39]} 48... Ng3 {[%clk 0:24:55]}
49. Bf3 {[%clk 0:00:48]} 49... Re7 {[%clk 0:24:35]} 50. Rb7 {[%clk 0:00:48]}
50... Re6 {[%clk 0:23:25]} 51. Ra7 {[%clk 0:00:43]} 51... Re7 {[%clk 0:22:53]}
52. Rb7 {[%clk 0:01:03]} 52... h5 {[%clk 0:22:34]} 53. Rc7 {[%clk 0:00:56]}
53... Re6 {[%clk 0:21:31]} 54. Ra7 {[%clk 0:01:10]} 54... Kh6 {[%clk 0:21:26]}
55. Nf8 {[%clk 0:00:44]} 55... Rxe5 {[%clk 0:21:53]} 56. Rxf7 {[%clk 0:01:05]}
56... Nef5 {[%clk 0:20:56]} 57. h4 {[%clk 0:01:01]} 57... Nxh4 {[%clk 0:21:20]}
58. Rxf4 {[%clk 0:01:02]} 58... Nhf5 {[%clk 0:21:46]} 59. Nd7 {[%clk 0:00:45]}
59... Ra5 {[%clk 0:21:58]} 60. Bc6 {[%clk 0:00:32]} 60... Ra1 {[%clk 0:21:26]}
61. Rb4 {[%clk 0:00:36]} 61... h4 {[%clk 0:20:21]} 62. Nf6 {[%clk 0:00:34]}
62... Rf1+ {[%clk 0:20:31]} 63. Kg2 {[%clk 0:01:00]} 63... Ne3+ {[%clk 0:20:47]}
64. Kh3 {[%clk 0:01:04]} 64... Rxf6 {[%clk 0:21:06]} 65. Rxh4+ {[%clk 0:01:04]}
65... Kg5 {[%clk 0:21:32]} 66. Bb7 {[%clk 0:00:41]} 66... Ne2 {[%clk 0:20:30]}
67. Rh8 {[%clk 0:00:36]} 67... Rf2 {[%clk 0:19:19]} 68. Rg8+ {[%clk 0:00:37]}
68... Kf4 {[%clk 0:19:41]} 69. Rf8+ {[%clk 0:00:31]} 69... Nf5 {[%clk 0:19:57]}
70. Bg2 {[%clk 0:00:32]} 70... Ng1+ {[%clk 0:19:13]} 71. Kh2 {[%clk 0:00:56]}
71... Nf3+ {[%clk 0:19:42]} 72. Kh3 {[%clk 0:01:07]} 72... Ng5+ {[%clk 0:20:08]}
73. Kh2 {[%clk 0:01:32]} 73... Kg4 {[%clk 0:20:06]} 0-1

[Event "O Pohár mìsta Øíèany 2015 - OPEN A"]
[Site "Øíèany"]
[Date "2015.08.28"]
[Round "8.2"]
[White "Svatos, Jan"]
[Black "Rut, Vojtech"]
[Result "1-0"]
[WhiteElo "2285"]
[BlackElo "2090"]
[PlyCount "0"]
[EventDate "2015.08.22"]

1. d4 Nf6 2. Nf3 c5 3. d5 b5 4. c4 Bb7 5. g3 bxc4 6. Nc3 d6 7. Bg2 Nbd7 8. Nd2
Nb6 9. Nxc4 Nxc4 10. Qa4+ Nd7 11. Qxc4 g6 12. Qh4 e5 13. Qxd8+ Kxd8 14. O-O Ba6
15. g4 Rb8 16. a3 Bg7 17. f4 exf4 18. Rxf4 Ke7 19. Ra4 Rb6 20. Bg5+ f6 21. Be3
f5 22. Bg5+ Bf6 23. Bxf6+ Kxf6 24. gxf5 gxf5 25. Bh3 Rg8+ 26. Kh1 Rg5 27. Rf1
Rh5 28. Bg4 Rh6 29. Bxf5 Ke7 30. Bxd7 Kxd7 31. Rf7+ Kc8 32. Re4 Kd8 33. Rf8+ Kd7
34. Rfe8 1-0

[Event "O Pohár mìsta Øíèany 2015 - OPEN A"]
[Site "Øíèany"]
[Date "2015.08.28"]
[Round "8.3"]
[White "Kotyk, Vaclav"]
[Black "Vojta, Tomas"]
[Result "1/2-1/2"]
[WhiteElo "2160"]
[BlackElo "2387"]
[PlyCount "0"]
[EventDate "2015.08.22"]

1. d4 d5 2. c4 dxc4 3. e4 b5 4. a4 Bb7 5. axb5 Bxe4 6. Nc3 Bb7 7. Nf3 e6
8. Bxc4 Nf6 9. O-O Nbd7 10. Qe2 Nb6 11. Bd3 Be7 12. Rd1 O-O 13. Ne5 Qe8 14. Bf4
Bd6 15. Bg3 Nbd5 16. Rdc1 Nb4 17. Bc4 Nd7 18. Ne4 Bxe5 19. Bxe5 Nxe5 20. dxe5
Qe7 21. Ra4 Kh8 22. Rca1 f5 23. exf6 gxf6 24. Ng3 Bd5 25. Nf5 Qc5 26. Bxd5 Nxd5
27. Qxe6 Nb6 28. b4 Qe5 29. Qxe5 fxe5 30. Rxa7 Rxa7 31. Rxa7 Rxf5 32. Rxc7 Rf4
33. Rc5 Rxb4 34. f3 Nd7 35. Rc7 Nf6 36. Rc5 e4 37. Rc8+ Kg7 38. fxe4 Nxe4 39. h3
Rxb5 40. Kh2 Nf6 41. Ra8 Kg6 42. Ra7 h5 43. Ra4 Kg5 44. Ra7 Rd5 45. Ra4 Re5
46. Ra8 Re2 47. Rb8 Nd5 48. Ra8 Ne3 49. Rg8+ Kf4 50. Rf8+ Nf5 51. Kg1 h4 52. Rf6
Ke5 53. Rg6 Re3 54. Rg8 Ke4 55. Rg4+ Kd3 56. Rf4 Re5 57. Ra4 Nd4 58. Ra3+ Ke2
59. Ra2+ Ke3 60. Ra8 Re4 61. Rh8 Ne2+ 62. Kh2 Kf2 63. Rf8+ Rf4 64. Ra8 Rd4
65. Rf8+ Nf4 66. Rg8 Rd2 67. Rg4 Ke3 68. Rg8 Rd6 69. Ra8 Rg6 70. Ra3+ Ke2 71. g3
Nd3 72. gxh4 Ne1 73. h5 Rg2+ 74. Kh1 Kf1 75. Ra1 Rg5 76. Kh2 Rxh5 1/2-1/2

[Event "O Pohár mìsta Øíèany 2015 - OPEN A"]
[Site "Øíèany"]
[Date "2015.08.28"]
[Round "8.4"]
[White "Hrdina, Robin"]
[Black "Vesselovsky, Serguei"]
[Result "1/2-1/2"]
[WhiteElo "2144"]
[BlackElo "2348"]
[PlyCount "0"]
[EventDate "2015.08.22"]

1. e4 d6 2. d4 Nf6 3. Nc3 c6 4. h3 b5 5. Bd3 e5 6. Nf3 Nbd7 7. O-O Be7 8. dxe5
dxe5 9. Be3 O-O 10. Ne2 Qc7 11. Ng3 Nc5 12. Bxc5 Bxc5 13. c3 Be6 14. Qe2 h6
15. b4 Be7 16. Nf5 Bxf5 17. exf5 e4 18. Bxe4 Rfe8 19. Qd3 a5 20. bxa5 Nxe4
21. Qxe4 Bf6 22. Qc2 1/2-1/2

[Event "O Pohár mìsta Øíèany 2015 - OPEN A"]
[Site "Øíèany"]
[Date "2015.08.28"]
[Round "8.5"]
[White "Mejzlik, Ondrej"]
[Black "Hadzala, Daniel"]
[Result "1-0"]
[WhiteElo "2312"]
[BlackElo "2045"]
[PlyCount "0"]
[EventDate "2015.08.22"]

1. c4 Nf6 2. Nc3 d6 3. g3 g6 4. Bg2 Bg7 5. d4 c6 6. Nf3 Nbd7 7. O-O O-O 8. e4
e5 9. dxe5 dxe5 10. Qe2 Re8 11. b3 Qc7 12. Rd1 a5 13. Ne1 Nc5 14. Be3 Bf8 15. f3
Be6 16. Qf2 Nfd7 17. Rab1 Rad8 18. h4 Na6 19. Nd3 b6 20. Na4 Rb8 21. Kh2 Nb4
22. Bh3 Bxh3 23. Kxh3 c5 24. Nc3 Nc6 25. Nd5 Qd6 26. Kg2 Nd4 27. f4 Bg7 28. Rf1
Rb7 29. f5 gxf5 30. Bxd4 exd4 31. exf5 Nf6 32. N3f4 Rbb8 33. Qf3 Re5 34. Nxf6+
Bxf6 35. Rf2 Kh8 36. Nd5 Rg8 37. Qf4 Rxd5 38. cxd5 Be5 39. Qe4 Bxg3 40. Rf3
Bxh4+ 41. Kh1 Bf6 42. Rg1 Bg5 43. f6 h6 44. Qf5 Rg6 45. Rh3 Qxf6 46. Qxf6+ Bxf6
47. d6 Kg7 48. d7 Bd8 49. Rh2 Kf8 50. Rxg6 fxg6 51. Re2 Be7 52. Re6 b5 53. Rc6
c4 54. bxc4 bxc4 55. Rc8+ Kf7 56. d8=Q Bxd8 57. Rxd8 d3 58. Kg2 Ke7 59. Rd4 Ke6
60. Kf3 Ke5 61. Ke3 1-0

[Event "O Pohár mìsta Øíèany 2015 - OPEN A"]
[Site "Øíèany"]
[Date "2015.08.28"]
[Round "8.6"]
[White "Horak, Martin"]
[Black "Gregor, Jiri"]
[Result "1-0"]
[WhiteElo "2019"]
[BlackElo "2242"]
[PlyCount "0"]
[EventDate "2015.08.22"]

1. e4 c6 2. d4 d5 3. Nc3 dxe4 4. Nxe4 Nf6 5. Nxf6+ exf6 6. c3 Bd6 7. Bd3 Be6
8. Qc2 Nd7 9. Ne2 Qc7 10. Be3 g6 11. O-O-O f5 12. c4 Nf6 13. h3 O-O 14. Kb1 a5
15. Rdg1 Rfe8 16. g4 fxg4 17. Bg5 Kg7 18. Bxf6+ Kxf6 19. hxg4 Rh8 20. f4 Bd7
21. c5 Bf8 22. d5 Kg7 23. d6 Qd8 24. f5 Qg5 25. Ng3 Re8 26. Nh5+ gxh5 27. gxh5
h6 28. Rxg5+ hxg5 29. Qc3+ f6 30. h6+ 1-0

[Event "O Pohár mìsta Øíèany 2015 - OPEN A"]
[Site "Øíèany"]
[Date "2015.08.28"]
[Round "8.7"]
[White "Kubikova, Hana"]
[Black "Moravec, Vit"]
[Result "0-1"]
[WhiteElo "2107"]
[BlackElo "2209"]
[PlyCount "0"]
[EventDate "2015.08.22"]

1. d4 Nf6 2. Nf3 c5 3. e3 e6 4. c3 Be7 5. Bd3 d5 6. Ne5 Nc6 7. f4 O-O 8. O-O
Ne4 9. Nd2 Nxd2 10. Bxd2 f5 11. Nf3 c4 12. Bc2 Bd7 13. b4 Be8 14. a4 Bh5 15. Be1
Nb8 16. Qd2 Bxf3 17. Rxf3 Nd7 18. Rh3 g6 19. Qe2 h5 20. Rf3 h4 21. Rh3 Kg7
22. Rf3 Rh8 23. h3 Kf7 24. Rf1 Bd6 25. Ra2 Qe7 26. Qf3 Rag8 27. Bb1 Ke8 28. g4
hxg3 29. Bxg3 Rxh3 30. Rh2 Rgh8 31. Qg2 Rxh2 32. Bxh2 g5 33. Rf2 gxf4 34. Bxf4
Bxf4 35. exf4 Qh7 36. Rf3 Nf6 37. Rg3 Nh5 38. Bxf5 Qxf5 39. Rg8+ Rxg8 40. Qxg8+
Ke7 41. Qc8 Qg4+ 42. Kf2 Qxf4+ 0-1

[Event "O Pohár mìsta Øíèany 2015 - OPEN A"]
[Site "Øíèany"]
[Date "2015.08.28"]
[Round "8.8"]
[White "Hollan, Martin"]
[Black "Hadrava, Jaroslav"]
[Result "1-0"]
[WhiteElo "2180"]
[BlackElo "1927"]
[PlyCount "0"]
[EventDate "2015.08.22"]

1. e4 c5 2. Nf3 e6 3. d4 cxd4 4. Nxd4 a6 5. Bd3 Nc6 6. Nxc6 bxc6 7. O-O d5
8. Nc3 Nf6 9. Qe2 Be7 10. b3 Bb7 11. Bb2 O-O 12. Rad1 Re8 13. Rfe1 Qc7 14. Qf3
d4 15. Nb1 e5 16. Nd2 Bb4 17. a3 Bxd2 18. Rxd2 a5 19. a4 Ba6 20. Ba3 c5 21. Bxa6
Rxa6 22. Qd3 Rc6 23. Qc4 h6 24. Rd3 Nd7 25. Rf3 Ree6 26. c3 Rf6 27. Rg3 Rg6
28. Rc1 Rxg3 29. hxg3 Nb6 30. Qb5 c4 31. b4 axb4 32. Bxb4 Nd7 33. a5 Nc5
34. cxd4 Nd3 35. d5 Nxc1 36. Qxc6 Qb8 37. Qxc4 Na2 38. Qxa2 Qxb4 39. a6 Qd4
40. Kh2 Qd1 41. f3 h5 42. a7 h4 43. a8=Q+ Kh7 44. Qf2 Qc1 45. gxh4 Qh6 46. Qg3
f6 47. Qg4 1-0

[Event "O Pohár mìsta Øíèany 2015 - OPEN A"]
[Site "Øíèany"]
[Date "2015.08.28"]
[Round "8.9"]
[White "Hradecky, Ivo"]
[Black "Starek, Stanislav"]
[Result "0-1"]
[WhiteElo "1965"]
[BlackElo "2165"]
[PlyCount "0"]
[EventDate "2015.08.22"]

1. d4 Nf6 2. c4 g6 3. Nc3 Bg7 4. e4 d6 5. Be2 O-O 6. Nf3 e5 7. O-O Nc6 8. d5
Ne7 9. b4 a5 10. bxa5 Rxa5 11. a4 Nd7 12. Ba3 f5 13. Bb4 Ra8 14. Nd2 Nf6 15. c5
fxe4 16. Ndxe4 Nxe4 17. Nxe4 Rf4 18. cxd6 cxd6 19. Bd3 Bf5 20. Re1 Bxe4 21. Bxe4
Qb6 22. Qd2 Raf8 23. Re2 Bh6 24. a5 Qa7 25. Qe3 Qa6 26. Bd3 b5 27. Qh3 Rxb4
28. Qxh6 Nf5 29. Qg5 Rd4 30. Re3 Nxe3 31. Bxg6 Rg4 32. Bxh7+ Kxh7 33. Qh5+ Kg7
0-1

[Event "O Pohár mìsta Øíèany 2015 - OPEN A"]
[Site "Øíèany"]
[Date "2015.08.28"]
[Round "8.10"]
[White "Nova, Michaela"]
[Black "Marikova, Jana"]
[Result "1/2-1/2"]
[WhiteElo "1828"]
[BlackElo "2148"]
[PlyCount "0"]
[EventDate "2015.08.22"]

1. e4 {[%clk 1:30:49]} 1... c5 {[%clk 1:30:56]} 2. Nf3 {[%clk 1:31:06]} 2... d6
{[%clk 1:31:22]} 3. Bb5+ {[%clk 1:31:21]} 3... Bd7 {[%clk 1:31:44]} 4. Bxd7+
{[%clk 1:31:44]} 4... Qxd7 {[%clk 1:32:11]} 5. c4 {[%clk 1:31:09]} 5... e5
{[%clk 1:31:14]} 6. O-O {[%clk 1:31:13]} 6... g6 {[%clk 1:31:18]} 7. Nc3 {[%clk
1:30:38]} 7... Bg7 {[%clk 1:31:36]} 8. d3 {[%clk 1:28:59]} 8... Ne7 {[%clk
1:31:21]} 9. Ne1 {[%clk 1:27:17]} 9... O-O {[%clk 1:27:46]} 10. f4 {[%clk
1:23:36]} 10... exf4 {[%clk 1:21:35]} 11. Bxf4 {[%clk 1:22:29]} 11... Nbc6
{[%clk 1:20:01]} 12. Qd2 {[%clk 1:20:21]} 12... f5 {[%clk 1:15:13]} 13. Nc2
{[%clk 1:15:58]} 13... Ne5 {[%clk 1:10:37]} 14. exf5 {[%clk 1:10:31]} 14... Nxf5
{[%clk 1:10:06]} 15. Nd5 {[%clk 1:07:29]} 15... Rae8 {[%clk 1:06:38]} 16. Rae1
{[%clk 1:05:04]} 16... a6 {[%clk 0:57:21]} 17. Nce3 {[%clk 1:00:54]} 17... Nd4
{[%clk 0:53:01]} 18. Kh1 {[%clk 0:52:01]} 18... b5 {[%clk 0:42:20]} 19. Bxe5
{[%clk 0:48:42]} 19... Bxe5 {[%clk 0:40:02]} 20. Rxf8+ {[%clk 0:45:19]}
20... Rxf8 {[%clk 0:40:15]} 21. Rf1 {[%clk 0:45:10]} 21... Rxf1+ {[%clk
0:37:58]} 22. Nxf1 {[%clk 0:45:34]} 22... Qf7 {[%clk 0:36:32]} 23. Kg1 {[%clk
0:43:37]} 23... b4 {[%clk 0:33:37]} 24. Qf2 {[%clk 0:41:49]} 24... Nf5 {[%clk
0:32:24]} 25. Qe2 {[%clk 0:38:22]} 25... Kg7 {[%clk 0:26:29]} 26. b3 {[%clk
0:37:27]} 26... a5 {[%clk 0:26:13]} 27. Nd2 {[%clk 0:36:59]} 27... Nd4 {[%clk
0:24:40]} 28. Qe4 {[%clk 0:33:36]} 28... Qa7 {[%clk 0:20:27]} 29. Nf3 {[%clk
0:29:24]} 29... Nxf3+ {[%clk 0:20:46]} 30. gxf3 {[%clk 0:29:32]} 30... a4 {[%clk
0:19:38]} 31. f4 {[%clk 0:26:02]} 31... Bd4+ {[%clk 0:19:38]} 32. Kg2 {[%clk
0:25:51]} 32... axb3 {[%clk 0:20:05]} 33. axb3 {[%clk 0:25:52]} 33... Qa2+
{[%clk 0:20:01]} 34. Kh3 {[%clk 0:26:05]} 34... Qa7 {[%clk 0:14:09]} 35. Qe6
{[%clk 0:19:11]} 35... Qf7 {[%clk 0:14:26]} 36. Qxf7+ {[%clk 0:18:03]}
36... Kxf7 {[%clk 0:14:52]} 37. Kg4 {[%clk 0:17:54]} 37... Bg7 {[%clk 0:10:47]}
38. f5 {[%clk 0:15:37]} 38... Bc3 {[%clk 0:08:36]} 39. Nf4 {[%clk 0:07:31]}
39... Kf6 {[%clk 0:06:57]} 40. fxg6 1/2-1/2

[Event "O Pohár mìsta Øíèany 2015 - OPEN A"]
[Site "Øíèany"]
[Date "2015.08.28"]
[Round "8.11"]
[White "Krivanek, Vladimir"]
[Black "Skacel, Jan"]
[Result "1/2-1/2"]
[WhiteElo "2105"]
[BlackElo "2051"]
[PlyCount "0"]
[EventDate "2015.08.22"]

1. d4 Nf6 2. Nc3 d5 3. Bg5 Bf5 4. Bxf6 exf6 5. e3 c6 6. Bd3 Qd7 7. Nge2 Bd6
8. Ng3 Bxd3 9. Qxd3 Na6 10. a3 g6 11. b4 f5 12. Nge2 Nc7 13. O-O O-O 14. Na4 b6
15. g3 Ne6 16. Kg2 b5 17. Nc5 Bxc5 18. bxc5 a5 19. c3 a4 20. h4 h5 21. Rh1 Qe7
22. Ng1 Nd8 23. Nf3 Qe4 24. Qe2 f6 25. Kh2 Re8 26. Rhg1 Nf7 27. Nd2 Qe7 28. Rae1
Nh6 29. Kg2 Qc7 30. Nf1 Re7 31. f3 Rae8 32. Qd3 Kg7 33. Kf2 Qd7 34. Nd2 Re6
35. Re2 R6e7 36. Rg2 1/2-1/2

[Event "O Pohár mìsta Øíèany 2015 - OPEN A"]
[Site "Øíèany"]
[Date "2015.08.28"]
[Round "8.12"]
[White "Skubal, Ondrej"]
[Black "Korsa, Jindrich"]
[Result "0-1"]
[WhiteElo "1725"]
[BlackElo "2138"]
[PlyCount "0"]
[EventDate "2015.08.22"]

1. e4 e5 2. Nf3 Nc6 3. Bb5 a6 4. Ba4 Nf6 5. O-O Nxe4 6. d4 b5 7. Bb3 d5 8. dxe5
Be6 9. c3 Be7 10. a4 b4 11. cxb4 Nxb4 12. Nd4 O-O 13. Nxe6 fxe6 14. Qg4 Rf5
15. f3 Bc5+ 16. Kh1 Nd3 17. Qxe4 dxe4 18. Bxe6+ Rf7 19. fxe4 Nf2+ 20. Kg1 Nxe4+
21. Kh1 Nf2+ 22. Kg1 Qd4 0-1

[Event "O Pohár mìsta Øíèany 2015 - OPEN A"]
[Site "Øíèany"]
[Date "2015.08.28"]
[Round "8.13"]
[White "Petr, Jakub"]
[Black "Skalicky, Tomas"]
[Result "1/2-1/2"]
[WhiteElo "1750"]
[BlackElo "2119"]
[PlyCount "0"]
[EventDate "2015.08.22"]

1. e4 c5 2. Nf3 d6 3. d4 cxd4 4. Qxd4 a6 5. Be3 Nc6 6. Qd2 g6 7. Nc3 Bg7
8. O-O-O Nf6 9. e5 dxe5 10. Qxd8+ Nxd8 11. Nxe5 O-O 12. Be2 Nc6 13. Nxc6 bxc6
14. Bf3 Bb7 15. Na4 Nd5 16. Nc5 Rfb8 17. c4 Nxe3 18. fxe3 Bc8 19. Rd8+ Bf8
20. Bxc6 Ra7 21. Bb7 Rbxb7 22. Rxc8 Rc7 23. Rxc7 Rxc7 24. b4 1/2-1/2

[Event "O Pohár mìsta Øíèany 2015 - OPEN A"]
[Site "Øíèany"]
[Date "2015.08.28"]
[Round "8.14"]
[White "Pycha, Patrik"]
[Black "Zizka, Petr"]
[Result "0-1"]
[WhiteElo "2075"]
[BlackElo "1886"]
[PlyCount "0"]
[EventDate "2015.08.22"]

1. e4 c5 2. Nc3 Nc6 3. g3 g6 4. Bg2 Bg7 5. d3 e6 6. Be3 b6 7. Qd2 Nge7 8. Bh6
O-O 9. h4 f6 10. Bxg7 Kxg7 11. h5 g5 12. h6+ Kh8 13. Nge2 d5 14. exd5 exd5
15. O-O-O Rb8 16. d4 c4 17. f4 g4 18. f5 b5 19. Nf4 Nxf5 20. Bxd5 Ncxd4 21. Be4
Qa5 22. Bxf5 Nxf5 23. Qd5 Qb6 24. Rhe1 b4 25. Na4 Qb5 26. Nc5 b3 27. axb3 cxb3
28. Nxb3 Qxd5 29. Rxd5 Nxg3 30. Re7 Bb7 31. Rdd7 Be4 32. Nc5 Bf5 33. Rxa7 Rbe8
34. Rg7 Rg8 35. Nd5 Nh5 36. Rge7 g3 37. Ne3 Rxe7 38. Rxe7 g2 39. Nxg2 Rxg2
40. Re8+ Rg8 41. Rxg8+ Kxg8 42. b4 Nf4 43. Kd2 Nd5 44. b5 Kf7 45. c4 Nb6 46. Kc3
Ke7 47. Kd4 Kd6 48. Ne4+ Bxe4 49. c5+ Ke6 50. Kxe4 Nc8 51. Kf4 f5 52. c6 Kf6
53. c7 Ke6 54. Kg5 Ke5 0-1

[Event "O Pohár mìsta Øíèany 2015 - OPEN A"]
[Site "Øíèany"]
[Date "2015.08.28"]
[Round "8.15"]
[White "Hanl, Frantisek"]
[Black "Franek, Jan"]
[Result "1/2-1/2"]
[WhiteElo "2052"]
[BlackElo "1914"]
[PlyCount "0"]
[EventDate "2015.08.22"]

1. e4 e5 2. Nc3 Bc5 3. g3 d6 4. Bg2 Ne7 5. Nge2 Nbc6 6. O-O Bg4 7. h3 Be6
8. Nd5 Qd7 9. c3 Bb6 10. Kh2 f5 11. Nxb6 axb6 12. d4 fxe4 13. dxe5 Nxe5 14. Nd4
Bc4 15. Rg1 O-O 16. b3 Bd3 17. f4 exf3 18. Nxf3 N7g6 19. Nxe5 Nxe5 20. Bf4 Rad8
21. c4 c6 22. Re1 Qf5 23. Re3 g5 24. Bxe5 dxe5 25. Qe1 e4 26. Rd1 Qf2 27. Qxf2
Rxf2 28. Kg1 Rdf8 29. Bxe4 Bxe4 30. Rxe4 R8f7 31. Re8+ Kg7 {dále neèitelné}
1/2-1/2